000 00291nam a2200121Ia 4500
008 191201s2018 xx 000 0 und d
100 _aKEVIN, S
245 0 _aSecurity Analysis and Portfolio Management
260 _c2018
_aNew Delhi
_bPHI
300 _a344
650 _aMBA
942 _2ddc
_cBK
999 _c6933
_d6933